El código tributario: sus normas complementarias y jurisprudencia

Na minha lista:
Detalhes bibliográficos
Autor principal: Ugas Canelo, Luis R (Autor)
Formato: Livro
Idioma:espanhol
Publicado em: Santiago Jurídica de Chile 1967
Edição:2a. ed
Assuntos:
Tags: Adicionar Tag
Sem tags, seja o primeiro a adicionar uma tag!

MARC

LEADER 00000nam a2200000 a 4500
001 UCS0493
003 CL-VaPUC
008 970426e19670000CL |||||||||||||||||spa|d
082 0 4 |a 343.04  |b UGA  |2 21 
100 0 |a Ugas Canelo, Luis R  |e author  |9 384076 
245 1 3 |a El código tributario: sus normas complementarias y jurisprudencia 
250 |a 2a. ed 
300 |a 473 p 
942 |c BK 
945 |d 19970426 00:00:00  |a paguirre 
260 |a Santiago  |b Jurídica de Chile  |c 1967 
600 0 7 |a SERVICIO DE IMPUESTOS INTERNOS  |2 CL-VaPUC  |9 345847 
650 0 |a Derecho tributario  |9 258895 
650 7 |a LEGISLACION  |2 CL-VaPUC  |9 384077 
650 7 |a JURISPRUDENCIA TRIBUTARIA  |2 CL-VaPUC  |9 369427 
650 0 |a Impuestos  |9 255450 
650 0 |a Obligaciones tributarias  |9 383518 
650 0 |a Códigos  |9 352314 
651 7 |a CHILE  |2 CL-VaPUC  |9 384078 
583 |a last modification  |c 19970426 00:00:00  |k Rodrigo Vera 
999 |c 258720  |d 258718 
952 |0 0  |1 0  |4 0  |6 343_040000000000000_UGA_1967  |7 0  |8 A  |9 282996  |a BIBDER  |b BIBDER  |d 2019-11-19  |i 1836129  |o 343.04 UGA 1967  |p 1836129  |r 2023-01-25  |w 2019-11-19  |y BK  |k DER